[Event "26. Schweinfurt Open"]
[Site "Schweinfurt"]
[Date "2016.05.28"]
[Round "5.17"]
[White "Brodt, Andreas"]
[Black "Leichum, Engelbert"]
[Result "1-0"]
[WhiteElo "1853"]
[BlackElo "1708"]
[PlyCount "161"]
[EventDate "2016.??.??"]
[WhiteTeam "SK Schweinfurt"]
[BlackTeam "(vls) Frankfurt"]

1. d4 Nf6 2. c4 e5 3. d5 Bb4+ 4. Bd2 Bxd2+ 5. Nxd2 d6 6. e4 c6 7. a3 Nbd7 8.
Be2 Nf8 9. Ngf3 Ng6 10. g3 h6 11. h4 O-O 12. Qc2 Ng4 13. Nh2 Nxh2 14. Rxh2 f5
15. f3 f4 16. g4 Nxh4 17. O-O-O Ng6 18. Rdh1 Bd7 19. Qd1 b5 20. dxc6 Bxc6 21.
cxb5 Be8 22. Bc4+ Bf7 23. Kb1 d5 24. exd5 Bxd5 25. Qc2 Bxc4 26. Qxc4+ Kh7 27.
Ne4 Rc8 28. Qb3 Ne7 29. Ng5+ Kh8 30. Ne6 Qb6 31. Nxf8 Rxf8 32. g5 Qg6+ 33. Qc2
Qxg5 34. Rh5 Qf6 35. Qc7 Nf5 36. R1h3 Rf7 37. Qb8+ Kh7 38. Ka1 g6 39. Rxf5 Qxf5
40. Qe8 Kg7 41. Rh2 h5 42. Re2 Kf6 43. Qh8+ Ke6 44. Qe8+ Re7 45. Qg8+ Qf7 46.
Qc8+ Rd7 47. Qc6+ Kf5 48. Qe4+ Kg5 49. Qxe5+ Kh6 50. Qh8+ Kg5 51. Re5+ Kh4 52.
Re1 Qg7 53. Qc8 Rd2 54. Rh1+ Kg5 55. Qc1 Qd4 56. Rg1+ Kh6 57. Qb1 Rd3 58. Ka2
Qd5+ 59. Ka1 Qxb5 60. Qc2 Qf5 61. Qe2 Re3 62. Qd1 Qf6 63. Qa4 Rxf3 64. Qxa7 h4
65. Qa4 g5 66. Qb4 Kh5 67. Qa4 Qf7 68. Qd4 Qg8 69. Qe4 Re3 70. Qf5 Qe6 71. Qa5
Re1+ 72. Rxe1 Qxe1+ 73. Qxe1 h3 74. Qe2+ Kh4 75. Qf2+ Kg4 76. Qh2 f3 77. b4 Kf5
78. b5 f2 79. Qxf2+ Ke4 80. Qg3 h2 81. Qxh2 1-0

[Event "26. Schweinfurt Open"]
[Site "Schweinfurt"]
[Date "2016.05.28"]
[Round "5.18"]
[White "Wiemann, Daniel"]
[Black "Drewes, Thomas"]
[Result "0-1"]
[WhiteElo "1533"]
[BlackElo "1844"]
[PlyCount "46"]
[EventDate "2016.??.??"]
[WhiteTeam "SV Seubelsdorf"]
[BlackTeam "SV Würzburg"]

1. e4 e5 2. Nf3 d6 3. d4 exd4 4. Nxd4 Nf6 5. Nc3 Be7 6. Bd3 O-O 7. Qd2 Re8 8.
b3 c5 9. Nf3 Bg4 10. Bb2 Nc6 11. Ne2 a6 12. O-O-O b5 13. h3 Bxf3 14. gxf3 Nb4
15. a3 Nxd3+ 16. Qxd3 Qc7 17. f4 c4 18. bxc4 bxc4 19. Qg3 g6 20. e5 dxe5 21.
fxe5 Ne4 22. Qe3 Qb7 23. Ng3 c3 0-1

[Event "26. Schweinfurt Open"]
[Site "Schweinfurt"]
[Date "2016.05.28"]
[Round "5.19"]
[White "Müller, Gerhard"]
[Black "Scheifele, Paul"]
[Result "1-0"]
[WhiteElo "1835"]
[BlackElo "1286"]
[PlyCount "125"]
[EventDate "2016.??.??"]
[WhiteTeam "SC Bad Königshofen"]
[BlackTeam "Aschaffenburg-Schweinheim"]

1. e4 e5 2. f4 exf4 3. Nf3 Nc6 4. Bc4 Bc5 5. c3 Qe7 6. Qe2 d6 7. d4 Bb6 8. Bxf4
h6 9. Nbd2 Bd7 10. O-O O-O-O 11. a4 a5 12. Kh1 g5 13. Bg3 g4 14. Ng1 Nf6 15.
Bf2 Ng8 16. Bg3 Rf8 17. Rf4 h5 18. h4 Kb8 19. b3 Qe8 20. Raf1 Rh7 21. Be1 Nge7
22. g3 Ng6 23. Rf6 Rg7 24. Qd3 Qe7 25. Ne2 Nd8 26. Bb5 c6 27. Bc4 Kc8 28. Kh2
Kb8 29. Nb1 Kc8 30. Bd2 Rh8 31. Bg5 Qf8 32. Qd2 Qg8 33. Nf4 Rhh7 34. Rxd6 Nxf4
35. Bxf4 Rg6 36. Rxg6 Qxg6 37. Qe3 Ne6 38. Be5 Bd8 39. d5 cxd5 40. exd5 Nc7 41.
d6 Ne6 42. Bd3 f5 43. Qa7 Bc6 44. Bxf5 Qf7 45. Nd2 Rh6 46. Nc4 Kd7 47. Qe3 Rg6
48. Bd3 Qg8 49. Nd2 Qe8 50. Bf5 Qg8 51. Ne4 Ke8 52. d7+ Kxd7 53. Rd1+ Ke7 54.
Bd6+ Kf7 55. Rf1 Ke8 56. Nc5 Be7 57. Bxe6 Qg7 58. Bf7+ Qxf7 59. Rxf7 Kxf7 60.
Qxe7+ Kg8 61. Ne6 Bd5 62. Ng5 Rf6 63. Qh7# 1-0

[Event "26. Schweinfurt Open"]
[Site "Schweinfurt"]
[Date "2016.05.28"]
[Round "5.20"]
[White "Blank, Stefan"]
[Black "Ornebjerg, Henrik"]
[Result "1/2-1/2"]
[WhiteElo "1821"]
[BlackElo "1666"]
[PlyCount "157"]
[EventDate "2016.??.??"]
[WhiteTeam "SC Sulzbach"]
[BlackTeam "Skakforeningen Odysseus"]

1. e4 c5 2. Nf3 d6 3. d3 Nc6 4. g3 Nf6 5. Bg2 e6 6. O-O Be7 7. Nbd2 O-O 8. c3
Qc7 9. Re1 b6 10. e5 dxe5 11. Nxe5 Bb7 12. Ndc4 Rad8 13. Bf4 Qc8 14. Qa4 Nxe5
15. Nxe5 Bxg2 16. Kxg2 Nd5 17. Bd2 Qb7 18. Qe4 Qc7 19. a3 Nf6 20. Qf3 b5 21.
Nc6 Rd7 22. Nxe7+ Rxe7 23. Bg5 Qb7 24. Re3 Nd5 25. Re2 f6 26. Bd2 e5 27. Rae1
Rfe8 28. c4 bxc4 29. dxc4 Nb6 30. Qxb7 Rxb7 31. b3 Rd8 32. Be3 Rd3 33. Bxc5
Rxb3 34. Rc2 Rc7 35. Bxb6 axb6 36. Re3 Rxe3 37. fxe3 Ra7 38. Rc3 Kf7 39. Kf3
Ke6 40. Rb3 Ra6 41. g4 Kd6 42. Rd3+ Kc6 43. Ke4 Ra7 44. h4 Kc5 45. Rc3 Ra4 46.
Kd3 g6 47. h5 f5 48. gxf5 gxf5 49. e4 f4 50. h6 Ra8 51. Rb3 Rg8 52. Rb5+ Kc6
53. Rxe5 Rg3+ 54. Kd4 Kd6 55. Rf5 Rg6 56. Rb5 Kc6 57. Rh5 Kd6 58. e5+ Ke6 59.
Ke4 Rg3 60. Rf5 Rg6 61. Kxf4 Rxh6 62. Rg5 Rh4+ 63. Ke3 Rxc4 64. Kd3 Ra4 65. Rh5
Rxa3+ 66. Kc4 Ra5 67. Rxh7 Rc5+ 68. Kb4 Kxe5 69. Rh5+ Kd6 70. Rh6+ Kc7 71. Rh7+
Kb8 72. Rh6 Ka7 73. Rh7+ Ka6 74. Rh8 Rg5 75. Ra8+ Kb7 76. Rh8 Rg4+ 77. Kb5 Rg5+
78. Kb4 Rg7 79. Kb5 1/2-1/2

[Event "26. Schweinfurt Open"]
[Site "Schweinfurt"]
[Date "2016.05.28"]
[Round "5.21"]
[White "Peuckert, Rüdiger"]
[Black "Wenkheimer, Rolf"]
[Result "1-0"]
[WhiteElo "1818"]
[BlackElo "1637"]
[PlyCount "71"]
[EventDate "2016.??.??"]
[WhiteTeam "SK Schweinfurt"]
[BlackTeam "SC Kitzingen"]

1. e4 e5 2. Bc4 Nc6 3. Nf3 d6 4. d3 Be7 5. Be3 Nf6 6. Nc3 O-O 7. h3 a6 8. a3 h6
9. Nd5 Nxd5 10. Bxd5 Bd7 11. g4 Bf6 12. c3 Rb8 13. Qd2 Ne7 14. g5 Nxd5 15. exd5
hxg5 16. Bxg5 Bf5 17. Bxf6 Qxf6 18. O-O-O Qh6 19. Qxh6 gxh6 20. Rhg1+ Kh7 21.
Rg3 Rg8 22. Ng1 Rg7 23. Kd2 Rbg8 24. Rxg7+ Rxg7 25. b4 Rg5 26. Re1 Rg2 27. Ke3
Rg5 28. c4 Bd7 29. c5 dxc5 30. bxc5 f5 31. f4 Rg3+ 32. Nf3 exf4+ 33. Kxf4 Rg7
34. Ne5 Bc8 35. Nc4 Kg8 36. Re8+ 1-0

[Event "26. Schweinfurt Open"]
[Site "Schweinfurt"]
[Date "2016.05.28"]
[Round "5.22"]
[White "Tsiapouris, Alexander"]
[Black "Heller, Thomas"]
[Result "1/2-1/2"]
[WhiteElo "1693"]
[BlackElo "1828"]
[PlyCount "56"]
[EventDate "2016.??.??"]
[WhiteTeam "SC Tarrasch München"]
[BlackTeam "SV Bergtheim"]

1. d4 d5 2. c4 c6 3. Nc3 e6 4. Nf3 Nf6 5. Bg5 Be7 6. e3 Nbd7 7. Bd3 h6 8. Bh4
dxc4 9. Bxc4 Nb6 10. Bd3 Nfd5 11. Bxe7 Qxe7 12. Nxd5 exd5 13. O-O Qf6 14. Qc2
Be6 15. Qc5 Qe7 16. Qxe7+ Kxe7 17. b3 Rac8 18. Rfc1 Nd7 19. h3 g5 20. b4 a6 21.
a4 Kd6 22. Nd2 f5 23. Nb3 h5 24. Nc5 Nxc5 25. bxc5+ Kc7 26. a5 Ra8 27. Rcb1 h4
28. f3 g4 1/2-1/2

[Event "26. Schweinfurt Open"]
[Site "Schweinfurt"]
[Date "2016.05.28"]
[Round "5.23"]
[White "Neudecker, Georg"]
[Black "Hüttinger, Siegfried"]
[Result "1-0"]
[WhiteElo "1876"]
[BlackElo "1513"]
[PlyCount "65"]
[EventDate "2016.??.??"]
[WhiteTeam "SV Walsdorf"]
[BlackTeam "SC KS Alzenau"]

1. d4 d5 2. Nf3 Nc6 3. c4 Nf6 4. Nc3 e6 5. cxd5 Nxd5 6. e4 Nxc3 7. bxc3 a6 8.
Bd3 Be7 9. O-O b5 10. Be3 O-O 11. Qc2 g6 12. Rfd1 Bf6 13. Rab1 e5 14. dxe5 Nxe5
15. Nxe5 Bxe5 16. f4 Bd6 17. e5 Ba3 18. Be4 Qe7 19. Bxa8 Bc5 20. Bd4 Be6 21.
Bf3 Bf5 22. Be4 Bg4 23. Rd3 Be6 24. Qf2 Bxd4 25. Rxd4 Bc4 26. Rbd1 Qa3 27. Qd2
Qc5 28. Kh1 a5 29. Rd8 Qe7 30. Rxf8+ Kxf8 31. Qd8+ Qxd8 32. Rxd8+ Kg7 33. Bd5
1-0

[Event "26. Schweinfurt Open"]
[Site "Schweinfurt"]
[Date "2016.05.28"]
[Round "5.25"]
[White "Aigner, Patrick"]
[Black "Millgramm, Stephan"]
[Result "0-1"]
[WhiteElo "1305"]
[BlackElo "1774"]
[PlyCount "52"]
[EventDate "2016.??.??"]
[WhiteTeam "Coburger SV"]
[BlackTeam "Flensburger SK"]

1. d4 Nf6 2. Nc3 d5 3. e4 dxe4 4. Bg5 Bf5 5. Qe2 Nbd7 6. O-O-O a6 7. f3 exf3 8.
Nxf3 h6 9. Bxf6 Nxf6 10. Ne5 Qd6 11. Qc4 e6 12. Qa4+ c6 13. Bd3 Bxd3 14. Rxd3
Be7 15. Re1 b5 16. Qa5 Bd8 17. Qa3 b4 18. Qa4 bxc3 19. Rxc3 O-O 20. Rxc6 Qd5
21. Rc5 Qxg2 22. d5 Nxd5 23. Nxf7 Be7 24. Rxd5 Qxd5 25. Nxh6+ gxh6 26. Qg4+
Qg5+ 0-1

[Event "26. Schweinfurt Open"]
[Site "Schweinfurt"]
[Date "2016.05.28"]
[Round "5.27"]
[White "Lippianowski, Stefan"]
[Black "Wiemann, Vanessa"]
[Result "0-1"]
[WhiteElo "1163"]
[BlackElo "1297"]
[PlyCount "60"]
[EventDate "2016.??.??"]
[WhiteTeam "SV Mattnetz Berlin"]
[BlackTeam "SV Seubelsdorf"]

1. e4 e5 2. Nf3 Nc6 3. Bc4 Bc5 4. d3 h6 5. Bd2 Nf6 6. Bc3 d6 7. h3 Be6 8. Bb5
Bd7 9. Bxc6 Bxc6 10. d4 Bb6 11. Qe2 Bxe4 12. dxe5 Bxf3 13. gxf3 dxe5 14. Qxe5+
Qe7 15. Nd2 Qxe5+ 16. Bxe5 Nh5 17. Ne4 O-O-O 18. c3 Rhe8 19. b4 Rxe5 20. a4 a6
21. a5 Ba7 22. O-O Nf4 23. Rfe1 Nxh3+ 24. Kf1 Rde8 25. c4 f5 26. c5 fxe4 27.
Rad1 exf3 28. Rxe5 Rxe5 29. Rd4 Re7 30. Rg4 Rd7 0-1

[Event "26. Schweinfurt Open"]
[Site "Schweinfurt"]
[Date "2016.05.28"]
[Round "5.28"]
[White "Maar, Felicitas"]
[Black "Grünewald, Elmar"]
[Result "0-1"]
[WhiteElo "1497"]
[BlackElo "1626"]
[PlyCount "98"]
[EventDate "2016.??.??"]
[WhiteTeam "SC Fuldatal"]
[BlackTeam "SK Schweinfurt"]

1. e4 e5 2. Nf3 Nc6 3. Nc3 Nf6 4. Bb5 d6 5. d3 Bd7 6. O-O a6 7. Bc4 Be7 8. h3
O-O 9. Ne2 Na5 10. Bb3 Nxb3 11. axb3 h6 12. Be3 Nh7 13. Ng3 Ng5 14. Nxg5 Bxg5
15. Bxg5 Qxg5 16. Qh5 Qxh5 17. Nxh5 f5 18. Ng3 f4 19. Ne2 f3 20. Ng3 fxg2 21.
Kxg2 Rf7 22. Rae1 Raf8 23. Re2 g6 24. f3 h5 25. Ref2 Kg7 26. h4 Rf4 27. Rh1 Kh6
28. c3 Rg8 29. Ne2 Rf7 30. f4 Rgf8 31. Re1 Bg4 32. Kg3 Bxe2 33. Rexe2 Rxf4 34.
Rxf4 Rxf4 35. Rf2 Rxf2 36. Kxf2 g5 37. Kg3 g4 38. b4 Kg6 39. c4 Kf6 40. b3 c6
41. c5 Ke6 42. Kf2 d5 43. Kg3 dxe4 44. dxe4 Kd7 45. Kf2 Kc7 46. Kg3 b6 47. Kf2
bxc5 48. bxc5 a5 49. Ke3 Kb7 0-1

[Event "26. Schweinfurt Open"]
[Site "Schweinfurt"]
[Date "2016.05.28"]
[Round "5.29"]
[White "Glok, David"]
[Black "Weineck, Ekkehard"]
[Result "0-1"]
[WhiteElo "915"]
[BlackElo "1606"]
[PlyCount "34"]
[EventDate "2016.??.??"]
[WhiteTeam "SK München Südost"]
[BlackTeam "SV Würzburg"]

1. e4 c5 2. c3 e5 3. Nf3 Nc6 4. d4 cxd4 5. cxd4 exd4 6. Nxd4 Bc5 7. Nxc6 bxc6
8. Nc3 Ne7 9. Bg5 O-O 10. Qh5 Qb6 11. Bd3 Qxb2 12. e5 Qxc3+ 13. Ke2 Qxe5+ 14.
Kd2 Bb4+ 15. Kc2 Qc3+ 16. Kd1 Qxd3+ 17. Kc1 Ba3# 0-1

[Event "26. Schweinfurt Open"]
[Site "Schweinfurt"]
[Date "2016.05.28"]
[Round "5.31"]
[White "Scheifele, Jan"]
[Black "Klonov, Sofia"]
[Result "1-0"]
[WhiteElo "906"]
[BlackElo "866"]
[PlyCount "83"]
[EventDate "2016.??.??"]
[WhiteTeam "Aschaffenburg-Schweinheim"]
[BlackTeam "SK München Südost"]

1. e4 c5 2. Bc4 Nc6 3. Qf3 Ne5 4. Qc3 Nxc4 5. Qxc4 e5 6. Nf3 Nf6 7. Nxe5 d5 8.
exd5 Nxd5 9. Qb5+ Bd7 10. Qxb7 Rb8 11. Qxd5 Be6 12. Qxd8+ Rxd8 13. O-O Bd5 14.
Re1 Be7 15. Nc3 Be6 16. Nc6 Rd7 17. Nxe7 Rxe7 18. Re5 O-O 19. Rxc5 Bg4 20. h3
Re1+ 21. Kh2 Be6 22. b3 Rd8 23. Bb2 Rxa1 24. Bxa1 Rc8 25. Ra5 h6 26. Rxa7 Rc5
27. a4 Re5 28. a5 Re1 29. Bb2 Bf5 30. a6 Rf1 31. Ra8+ Kh7 32. a7 Rxf2 33. Rb8
Rxd2 34. a8=Q Rxc2 35. Rh8+ Kg6 36. Qc6+ Kg5 37. Ne4+ Bxe4 38. Qxe4 Rxb2 39.
Qe5+ f5 40. h4+ Kg4 41. Qg3+ Kh5 42. Qg5# 1-0

[Event "26. Schweinfurt Open"]
[Site "Schweinfurt"]
[Date "2016.05.29"]
[Round "6.1"]
[White "Becker, Matthias"]
[Black "Poulsen, Klaus E"]
[Result "1-0"]
[WhiteElo "2266"]
[BlackElo "2068"]
[PlyCount "53"]
[EventDate "2016.??.??"]
[WhiteTeam "BG Buchen"]
[BlackTeam "Skakforeningen Odysseus"]

1. e4 e6 2. d4 d5 3. Nc3 Bb4 4. exd5 exd5 5. Bd3 c6 6. Nge2 Nf6 7. O-O O-O 8.
Bg5 Bg4 9. f3 Bh5 10. Nf4 Bg6 11. Nxg6 hxg6 12. f4 Be7 13. f5 gxf5 14. Rxf5 Nh7
15. Bd2 Nd7 16. Qg4 Ndf6 17. Qh3 Re8 18. Raf1 g6 19. Bh6 Bf8 20. R5f3 Bxh6 21.
Qxh6 Re6 22. Ne2 Qf8 23. Qh4 Qe7 24. Nf4 Nh5 25. Qxe7 Rxe7 26. Nxh5 gxh5 27.
Bxh7+ 1-0

[Event "26. Schweinfurt Open"]
[Site "Schweinfurt"]
[Date "2016.05.29"]
[Round "6.2"]
[White "Ciolek, Andreas"]
[Black "Seidens, Udo"]
[Result "0-1"]
[WhiteElo "2102"]
[BlackElo "2245"]
[PlyCount "192"]
[EventDate "2016.??.??"]
[WhiteTeam "SK Singen"]
[BlackTeam "SK Schweinfurt"]

1. e4 g6 2. d4 Bg7 3. Nc3 c6 4. Be3 d5 5. exd5 cxd5 6. Nf3 Bg4 7. Be2 Nc6 8. h3
Bxf3 9. Bxf3 Nf6 10. O-O O-O 11. Ne2 Rc8 12. Re1 e6 13. Nf4 Ne8 14. c3 Nd6 15.
Nd3 Nc4 16. Bc1 b5 17. b3 Nd6 18. Ba3 Re8 19. Bc5 f5 20. Rxe6 Rxe6 21. Bxd5 Qd7
22. Nf4 Nd8 23. a4 Kh8 24. axb5 Nxb5 25. Qd3 a6 26. Qg3 Nc7 27. Bc4 Qe8 28. Kh2
Re4 29. Bd6 Nb5 30. Rxa6 Nxd6 31. Rxd6 Rxc4 32. bxc4 Bh6 33. Nd5 Nf7 34. Nf6
Nxd6 35. Nxe8 Nxe8 36. Qf3 Nf6 37. g3 Kg7 38. c5 Nd5 39. c4 Ne7 40. Qc3 Kf7 41.
d5 f4 42. gxf4 Bxf4+ 43. Kg2 Be5 44. Qf3+ Rf4 45. Qe3 Kf6 46. c6 Rxc4 47. Qb3
Rc3 48. Qb6 Nxd5 49. Qd8+ Ne7 50. f4 Rc2+ 51. Kf3 Bb2 52. c7 Kf7 53. Qb8 Rc3+
54. Kg2 Bc1 55. Qh8 Rxc7 56. Qxh7+ Ke6 57. Qh4 Bb2 58. Qg4+ Kf7 59. h4 Rc2+ 60.
Kf3 Rc3+ 61. Ke4 Rc4+ 62. Kd3 Rc5 63. Qg2 Bf6 64. Qf2 Rc3+ 65. Ke4 Rc4+ 66. Kd3
Rd4+ 67. Kc2 Nd5 68. h5 gxh5 69. Qf3 Nxf4 70. Qb7+ Kg6 71. Qb1 Rd5 72. Qg1+ Rg5
73. Qf1 Kf5 74. Kd2 Be5 75. Ke3 Rg3+ 76. Kd2 h4 77. Qb1+ Kg5 78. Qb7 Rg2+ 79.
Ke1 Rg1+ 80. Kd2 Rg3 81. Qe7+ Kf5 82. Qh7+ Ng6 83. Qf7+ Kg5 84. Qg8 h3 85. Qd8+
Kg4 86. Qd7+ Kg5 87. Qd8+ Bf6 88. Qd5+ Kh6 89. Qd6 Rg2+ 90. Kd3 h2 91. Qxf6
h1=Q 92. Qf7 Qd1+ 93. Ke4 Re2+ 94. Kf5 Qf1+ 95. Kg4 Rg2+ 96. Kh3 Qh1# 0-1

[Event "26. Schweinfurt Open"]
[Site "Schweinfurt"]
[Date "2016.05.29"]
[Round "6.4"]
[White "Gould, Charles"]
[Black "FM Golda, Harald"]
[Result "1/2-1/2"]
[WhiteElo "1974"]
[BlackElo "2316"]
[PlyCount "61"]
[EventDate "2016.??.??"]
[WhiteTeam "SV Würzburg"]
[BlackTeam "SK Schweinfurt"]

1. f4 Nf6 2. b3 e6 3. Nf3 Be7 4. Bb2 O-O 5. e3 c5 6. Bd3 b6 7. Nc3 Ba6 8. O-O
Bxd3 9. cxd3 Nc6 10. Qe2 d6 11. Ne4 Nxe4 12. dxe4 d5 13. exd5 exd5 14. Ne5 Rc8
15. Rac1 Bf6 16. d4 Qd6 17. Ba3 Nb4 18. Qb5 a6 19. Qe2 a5 20. Qb5 Bxe5 21. fxe5
Qh6 22. Qe2 cxd4 23. Bxb4 Rxc1 24. Bxf8 Rxf1+ 25. Kxf1 Kxf8 26. exd4 Qxh2 27.
Qg4 g6 28. Qg5 Ke8 29. Qf6 Qh1+ 30. Kf2 Qc1 31. Qxb6 1/2-1/2

[Event "26. Schweinfurt Open"]
[Site "Schweinfurt"]
[Date "2016.05.29"]
[Round "6.5"]
[White "Großhans, Ralf-Michael"]
[Black "Froitzheim, Ralf"]
[Result "1-0"]
[WhiteElo "2192"]
[BlackElo "1873"]
[PlyCount "83"]
[EventDate "2016.??.??"]
[WhiteTeam "SK Weidhausen"]
[BlackTeam "SG Niederkassel"]

1. e4 c6 2. d3 d5 3. Nd2 e5 4. Ngf3 Bd6 5. d4 exd4 6. exd5 cxd5 7. Nxd4 Nf6 8.
Bb5+ Bd7 9. Qe2+ Qe7 10. Qxe7+ Bxe7 11. N2f3 O-O 12. Bd3 Nc6 13. c3 Rfe8 14.
O-O Nxd4 15. Nxd4 a6 16. h3 Bc5 17. Be3 Rac8 18. Rfe1 Bxd4 19. Bxd4 Rxe1+ 20.
Rxe1 Re8 21. Rxe8+ Nxe8 22. f3 f6 23. Kf2 g6 24. Ke3 Kf7 25. g4 Nd6 26. b3 Ke6
27. a4 Nf7 28. h4 Ne5 29. Be2 Nc6 30. Bc5 f5 31. Kf4 fxg4 32. fxg4 Kf6 33. Bf3
Be6 34. b4 Bf7 35. g5+ Kg7 36. Bg4 h6 37. Bc8 hxg5+ 38. hxg5 Nd8 39. Be7 Ne6+
40. Ke5 b5 41. axb5 axb5 42. Bxe6 1-0

[Event "26. Schweinfurt Open"]
[Site "Schweinfurt"]
[Date "2016.05.29"]
[Round "6.6"]
[White "Kilian, Markus"]
[Black "Pototzky, Daniel"]
[Result "1/2-1/2"]
[WhiteElo "1954"]
[BlackElo "2137"]
[PlyCount "85"]
[EventDate "2016.??.??"]
[WhiteTeam "SV Würzburg"]
[BlackTeam "SC Prichsenstadt"]

1. d4 Nf6 2. c4 g6 3. Nc3 d5 4. cxd5 Nxd5 5. e4 Nxc3 6. bxc3 Bg7 7. Bc4 c5 8.
Ne2 Nc6 9. Be3 O-O 10. O-O Na5 11. Bd3 b6 12. Qd2 e5 13. d5 f5 14. f3 f4 15.
Bf2 c4 16. Bc2 Qd6 17. Kh1 Kh8 18. g3 fxg3 19. Bxg3 Bh3 20. Rf2 Rf7 21. Ng1 Bd7
22. f4 Raf8 23. Raf1 Kg8 24. fxe5 Bxe5 25. Rxf7 Rxf7 26. Rxf7 Kxf7 27. Qf2+ Qf6
28. Nf3 Bxc3 29. e5 Qe7 30. e6+ Kg8 31. exd7 Qxd7 32. Qe3 Bf6 33. Qf4 Kg7 34.
Qc7 Qxc7 35. Bxc7 Nb7 36. Ne5 b5 37. Nc6 a6 38. Nb8 a5 39. Nc6 a4 40. Kg2 Kf7
41. Kf3 Nc5 42. Bb6 Nb3 43. Ke4 1/2-1/2

[Event "26. Schweinfurt Open"]
[Site "Schweinfurt"]
[Date "2016.05.29"]
[Round "6.7"]
[White "Kuhn, Norbert"]
[Black "Maar, Samuel"]
[Result "1-0"]
[WhiteElo "2119"]
[BlackElo "1910"]
[PlyCount "43"]
[EventDate "2016.??.??"]
[WhiteTeam "SV Würzburg"]
[BlackTeam "SC Kaufungen"]

1. e4 e5 2. d4 exd4 3. Nf3 Nc6 4. c3 Nf6 5. e5 Qe7 6. cxd4 d6 7. Bb5 Nd7 8. O-O
Qd8 9. Re1 Ne7 10. exd6 cxd6 11. Nc3 a6 12. Ne4 Qb6 13. Bf4 axb5 14. Nxd6+ Kd8
15. Rc1 Nf6 16. Nxf7+ Ke8 17. Bc7 Qa6 18. Nd6+ Kd7 19. Ne5+ Ke6 20. Qb3+ Ned5
21. Qh3+ Ke7 22. Nc6# 1-0

[Event "26. Schweinfurt Open"]
[Site "Schweinfurt"]
[Date "2016.05.29"]
[Round "6.8"]
[White "Helm, Timo"]
[Black "Engesser, Jonas"]
[Result "1-0"]
[WhiteElo "1969"]
[BlackElo "2060"]
[PlyCount "87"]
[EventDate "2016.??.??"]
[WhiteTeam "SC Bad Königshofen"]
[BlackTeam "SK Engen"]

1. e4 c5 2. Nc3 e6 3. f4 d5 4. exd5 exd5 5. Bb5+ Bd7 6. Qe2+ Be7 7. Nxd5 Bc6 8.
Nxe7 Nxe7 9. Nf3 O-O 10. Bxc6 Nbxc6 11. O-O Nf5 12. d3 Qf6 13. Qf2 b6 14. Ne5
Rad8 15. Bd2 Nfd4 16. Nxc6 Qxc6 17. Bc3 Qa4 18. Rfe1 b5 19. b3 Qa3 20. Re4 b4
21. Bxd4 cxd4 22. Qe1 Qb2 23. Re2 Rc8 24. Rb1 Qxa2 25. c4 Qa5 26. Re5 Qb6 27.
Rb5 Qh6 28. Qf2 Rcd8 29. Rxb4 Rfe8 30. c5 Qf6 31. Rc1 Re6 32. Rbc4 Rc6 33. Re1
g6 34. Re4 h5 35. b4 Ra6 36. Qb2 Qh4 37. Rcxd4 Rb8 38. Rc4 Qg4 39. Rc1 Ra4 40.
c6 Rc8 41. c7 Qd7 42. Qd4 Qg4 43. Rce1 Ra2 44. Re8+ 1-0

[Event "26. Schweinfurt Open"]
[Site "Schweinfurt"]
[Date "2016.05.29"]
[Round "6.9"]
[White "Schmidt, Markus"]
[Black "Amtmann, Florian"]
[Result "1/2-1/2"]
[WhiteElo "1901"]
[BlackElo "2170"]
[PlyCount "168"]
[EventDate "2016.??.??"]
[WhiteTeam "Stuttgarter SF"]
[BlackTeam "Spvgg Stetten"]

1. e4 c6 2. d4 d5 3. Nc3 dxe4 4. Nxe4 Nd7 5. Nf3 Ngf6 6. Ng3 e6 7. Bd3 Be7 8.
O-O O-O 9. b3 c5 10. Bb2 b6 11. Qe2 Bb7 12. Rad1 Qc7 13. Rfe1 Nd5 14. Ne5 N7f6
15. Nh5 cxd4 16. Bxd4 Rad8 17. Nxf6+ Bxf6 18. Qe4 g6 19. Qg4 Bg7 20. Ba1 Nc3
21. Bxc3 Qxc3 22. Nc4 Rd4 23. Qg5 Rfd8 24. Qd2 Rxc4 25. bxc4 Qxd2 26. Rxd2 Bc3
27. Rde2 Bxe1 28. Rxe1 Rd4 29. Re5 Kf8 30. f3 Ke7 31. Kf2 f5 32. Be2 Rd7 33.
Re3 Ba8 34. f4 Kf6 35. Rd3 Rc7 36. Rd8 Be4 37. Bd3 e5 38. Rd6+ Ke7 39. fxe5 Rc5
40. Bxe4 fxe4 41. Rd4 Rxe5 42. Ke3 Ra5 43. Kxe4 Rxa2 44. Rd2 Ke6 45. g4 a5 46.
Kd3 Ra3+ 47. Kd4 Kd6 48. Rf2 Rh3 49. Rf6+ Kc7 50. Rf7+ Kd8 51. Rf2 Rh4 52. Kd5
Rxg4 53. Rf6 Rg2 54. h4 Rxc2 55. Rxb6 Rh2 56. c5 Rxh4 57. c6 Rh1 58. Rb8+ Kc7
59. Rb7+ Kc8 60. Rg7 a4 61. Kc4 a3 62. Kb3 Rh3+ 63. Ka2 Rc3 64. Rxh7 Rxc6 65.
Kxa3 Rb6 66. Ka4 Kd8 67. Ka5 Rb1 68. Rg7 Rg1 69. Kb4 Ke8 70. Kc3 Kf8 71. Ra7
Rd1 72. Kc2 Rd5 73. Kc3 g5 74. Kc4 Rd1 75. Ra5 Rg1 76. Kd3 Kg7 77. Ke2 Kg6 78.
Kf2 Rd1 79. Rb5 Kh5 80. Kg3 Rd3+ 81. Kg2 Kh4 82. Rb2 g4 83. Kh2 Rd5 84. Kg2 Rd4
1/2-1/2

[Event "26. Schweinfurt Open"]
[Site "Schweinfurt"]
[Date "2016.05.29"]
[Round "6.10"]
[White "Boß, Rolf"]
[Black "Brodt, Andreas"]
[Result "1-0"]
[WhiteElo "2015"]
[BlackElo "1853"]
[PlyCount "101"]
[EventDate "2016.??.??"]
[WhiteTeam "(vls) Hof"]
[BlackTeam "SK Schweinfurt"]

1. d3 d5 2. f4 g6 3. Nf3 Bg7 4. g3 Nc6 5. Bg2 Nf6 6. O-O O-O 7. Na3 a6 8. c4 e6
9. Rb1 Re8 10. b4 a5 11. b5 Nb4 12. Qb3 c5 13. bxc6 bxc6 14. Ne5 Bf8 15. Be3
Ra6 16. Nc2 Nxc2 17. Qxc2 d4 18. Bd2 Qd6 19. Rfc1 c5 20. Rb5 Qc7 21. Rcb1 Bd6
22. Qa4 Bxe5 23. fxe5 Qxe5 24. Bf4 Qxe2 25. Bg5 e5 26. Rf1 Kg7 27. Bf3 Qxd3 28.
Rb3 Qc2 29. Bxf6+ Rxf6 30. Qxe8 Bh3 31. Rb8 Rxf3 32. Qf8+ Kf6 33. Rxf3+ Kg5 34.
Qe7+ Kg4 35. Rf4+ exf4 36. Qh4+ Kf3 37. Qxf4+ Ke2 38. Rb2 d3 39. Rxc2+ dxc2 40.
Qc1 Kd3 41. Kf2 Bf5 42. Ke1 Kxc4 43. Qa3 Kb5 44. Qb3+ Kc6 45. Kd2 Be6 46. Qxc2
c4 47. Qa4+ Kb6 48. Kc3 h5 49. h4 Bd5 50. Kd4 Be6 51. a3 1-0

[Event "26. Schweinfurt Open"]
[Site "Schweinfurt"]
[Date "2016.05.29"]
[Round "6.11"]
[White "Krenz, Dieter"]
[Black "Peuckert, Rüdiger"]
[Result "1-0"]
[WhiteElo "1934"]
[BlackElo "1818"]
[PlyCount "101"]
[EventDate "2016.??.??"]
[WhiteTeam "SC Prichsenstadt"]
[BlackTeam "SK Schweinfurt"]

1. d4 d5 2. Nf3 Nf6 3. Bg5 e6 4. e3 Be7 5. Bd3 Nbd7 6. Nbd2 h6 7. Bh4 c5 8. c3
c4 9. Bc2 b5 10. O-O Bb7 11. Qe2 Ne4 12. Bxe7 Qxe7 13. Rae1 f5 14. Nxe4 dxe4
15. Nd2 Nf6 16. f3 exf3 17. Nxf3 O-O 18. Ne5 Kh7 19. b3 cxb3 20. axb3 a6 21.
Bd3 Be4 22. c4 Bxd3 23. Qxd3 bxc4 24. bxc4 Nd7 25. Nf3 Rfd8 26. Qc2 Rdb8 27. e4
g6 28. exf5 Rb6 29. fxg6+ Kg7 30. Qe4 Rf8 31. c5 Nxc5 32. Qe5+ Kxg6 33. dxc5
Rb5 34. Qd6 Qxd6 35. cxd6 a5 36. Nh4+ Kg7 37. Rxf8 Kxf8 38. Rxe6 a4 39. d7 Rb8
40. Rd6 Ke7 41. Nf5+ Kd8 42. Ra6 Rb1+ 43. Kf2 Rb2+ 44. Kf3 Rb3+ 45. Kg4 a3 46.
Ra7 Rb2 47. Kh3 a2 48. Nxh6 Rf2 49. Ng4 Rd2 50. Ne5 Re2 51. Ra8+ 1-0

[Event "26. Schweinfurt Open"]
[Site "Schweinfurt"]
[Date "2016.05.29"]
[Round "6.12"]
[White "Hohner, Karl-Heinz"]
[Black "Wiener, Horst"]
[Result "0-1"]
[WhiteElo "1883"]
[BlackElo "1927"]
[PlyCount "46"]
[EventDate "2016.??.??"]
[WhiteTeam "(vls) Kronach"]
[BlackTeam "SK Schweinfurt"]

1. d4 d5 2. Nf3 Nf6 3. c4 e6 4. Nc3 c6 5. Bf4 Bb4 6. a3 Bxc3+ 7. bxc3 Qa5 8.
Qb3 Ne4 9. Rc1 dxc4 10. Qxc4 Qxa3 11. g3 b6 12. Qd3 f5 13. Bg2 Ba6 14. Qc2 Nd7
15. O-O Qe7 16. c4 Bb7 17. h4 O-O 18. Ne5 Nxe5 19. Bxe5 c5 20. f3 Nf6 21. Kh2
Nd7 22. Rfd1 Nxe5 23. dxe5 f4 0-1

[Event "26. Schweinfurt Open"]
[Site "Schweinfurt"]
[Date "2016.05.29"]
[Round "6.13"]
[White "Drewes, Thomas"]
[Black "Langguth, Rolf"]
[Result "0-1"]
[WhiteElo "1844"]
[BlackElo "1921"]
[PlyCount "62"]
[EventDate "2016.??.??"]
[WhiteTeam "SV Würzburg"]
[BlackTeam "SK Schweinfurt"]

1. d4 Nf6 2. Bg5 d5 3. Nd2 Bf5 4. Ngf3 Nbd7 5. e3 h6 6. Bh4 e6 7. Ne5 Be7 8. c4
O-O 9. cxd5 exd5 10. Be2 c6 11. O-O Nxe5 12. dxe5 Nd7 13. Bxe7 Qxe7 14. f4 f6
15. e4 dxe4 16. Qb3+ Kh8 17. exf6 Nxf6 18. Rac1 Be6 19. Bc4 Bd5 20. Rc3 Qc5+
21. Kh1 Ng4 22. h3 Nf2+ 23. Kh2 Qd4 24. Qc2 Rxf4 25. Nf3 exf3 26. Bxd5 fxg2 27.
Bxg2 Raf8 28. Qe2 Qf6 29. Re1 Qh4 30. Rg3 h5 31. Kg1 Qxg3 0-1